000 01064nas a2200337 4500
001 BR2013006100
003 BR-BrBNA
005 20231205122725.0
007 ta
008 230509b bl.|||p| |||| 00| 00por d
040 _aBR-BrBNA
_bpor
_cBiblioteca Nacional de Agricultura
041 _a(Pt)
072 _aF70
100 1 _aMarinho, T.A. da S.
100 1 _aLopes, A.
100 1 _aAssis, R.L. de
100 1 _aRamos, S.L.F.
100 1 _aGomes, L.R.P.
100 1 _aWittmann, F.
100 1 _aSchöngart, J.
245 1 _aDistribuição e crescimento de Garcinia brasilensis Mart. e Hevea spruceana (Benth.)Müll. Arg. em uma floresta inundável em Manaus, Amazonas
650 _aGUTTIFERAE
650 _aCRESCIMENTO
650 _aRADIAÇÃO
650 _aREGENERAÇÃO
650 _aDISTRIBUIÇÃO GEOGRÁFICA
650 _aPROPRIEDADE FÍSICO-QUÍMICA
773 0 _tCiência Florestal (Brazil)
_xISSN 0103-9954
_g(Jan-Mar 2013), v. 23(1) p. 223-232
_wBR2013006100
909 _a202311
_bLúcia
_c55
_dLúcia Elande
942 _2AGRIS
_n0
_cANA
999 _c230186
_d230186